Know your english. Vol 1. (Record no. 96099)

MARC details
000 -LEADER
fixed length control field 00387nam a2200157Ia 4500
008 - FIXED-LENGTH DATA ELEMENTS--GENERAL INFORMATION
fixed length control field 210210b1991 xxu||||| |||| 00| 0 eng d
020 ## - INTERNATIONAL STANDARD BOOK NUMBER
International Standard Book Number 0 19 562435 1
082 ## - DEWEY DECIMAL CLASSIFICATION NUMBER
Classification number 425 SUBK
100 ## - MAIN ENTRY--PERSONAL NAME
Personal name SUBRAHMANIAN (K).
245 ## - TITLE STATEMENT
Title Know your english. Vol 1.
260 ## - PUBLICATION, DISTRIBUTION, ETC.
Place of publication, distribution, etc. Madras.
Name of publisher, distributor, etc. Oxford University Press.,
Date of publication, distribution, etc. 1991
300 ## - PHYSICAL DESCRIPTION
Extent 82
440 ## - SERIES STATEMENT/ADDED ENTRY--TITLE
Title 1
690 ## - LOCAL SUBJECT ADDED ENTRY--TOPICAL TERM (OCLC, RLIN)
Topical term or geographic name as entry element English Grammar
906 ## - LOCAL DATA ELEMENT F, LDF (RLIN)
a 046627
Holdings
Withdrawn status Lost status Damaged status Not for loan Collection code Home library Current library Shelving location Date acquired Cost, normal purchase price Total Checkouts Full call number Barcode Date last seen Price effective from Koha item type
          St Aloysius Library St Aloysius Library   02/17/2021 45.00   425 SUBK 046627 02/17/2021 02/17/2021 Book